Price theory: a provisional text (Record no. 492611)

000 -LEADER
fixed length control field 00356cam a22001337a 4500
008 - FIXED-LENGTH DATA ELEMENTS--GENERAL INFORMATION
fixed length control field 180718b1962 xxu||||| |||| 00| 0 eng d
082 ## - DEWEY DECIMAL CLASSIFICATION NUMBER
Classification number T123 F914
100 ## - MAIN ENTRY--PERSONAL NAME
Personal name Friedman, Milton
245 ## - TITLE STATEMENT
Title Price theory: a provisional text
Statement of responsibility, etc. by Milton Friedman
260 ## - PUBLICATION, DISTRIBUTION, ETC.
Place of publication, distribution, etc. Ludhiana
Name of publisher, distributor, etc. Lyall Book
Date of publication, distribution, etc. 1962
300 ## - PHYSICAL DESCRIPTION
Extent 285p.
650 ## - SUBJECT ADDED ENTRY--TOPICAL TERM
Topical term or geographic name entry element Prices
650 ## - SUBJECT ADDED ENTRY--TOPICAL TERM
Topical term or geographic name entry element Microeconomics
Holdings
Withdrawn status Lost status Damaged status Not for loan Permanent Location Current Location Date acquired Full call number Barcode Date last seen Price effective from Koha item type
        Indian Institute of Public Administration Indian Institute of Public Administration 2018-08-04 T123 F914 GR16518 2018-08-04 2018-08-04 GR

Powered by Koha